| 000 | 00315nam a22001217a 4500 | ||
|---|---|---|---|
| 082 | _a515 APO | ||
| 100 |
_aAPOSTOL, TOM.M _98806 |
||
| 245 | _aMATHEMATICAL ANALYSIS A MODERN APPROACH TO ADVANCED CALCULUS | ||
| 260 |
_aLONDON _bADDISON-WESLEY _c1957 |
||
| 300 | _aXII,559P | ||
| 650 |
_aCALCULUS _97911 |
||
| 942 | _cBK | ||
| 999 |
_c581757 _d581757 |
||